Los sueños mueren primero /

שמור ב:
מידע ביבליוגרפי
מחבר ראשי: Robbins, Harold (autor)
פורמט: ספר
שפה:ספרדית
יצא לאור: México : Grijalbo, 1978, c1978
נושאים:
תגים: הוספת תג
אין תגיות, היה/י הראשונ/ה לתייג את הרשומה!

MARC

LEADER 00000nam^a2200000^a^4500
001 000416881
005 20250526000000.0
009 20260310122336.226
020 |a 968-419-022-0 
037 |a Acervo ITESO - Biblioteca 
041 |a ESP 
082 |a 813.  |b ROB 
100 |a Robbins, Harold  |e (autor) 
245 1 3 |a Los sueños mueren primero /  |c H. Robbins ; tr. por José Manuel Alvarez, Angela Pérez. 
264 4 |a México :  |b Grijalbo,  |c 1978, c1978 
300 |a 468 p. ;  |c 19.5 cm. 
336 |a texto  |b txt  |2 rdacontenido 
337 |a sin mediación  |b n  |2 rdamedio 
338 |a volumen  |b nc  |2 rdasoporte 
500 |a Traducción de: Dreams Die First 
649 |a XX 
650 |a Prácticas Sexuales en la Literatura 
650 |a Novela Norteamericana 
650 |a Literatura Norteamericana -  |y Siglo XX 
910 |a Fondo Alfonso de Alba Martín 
920 |a Impresos - Libros 
930 |a Libros Antiguos y Raros 
940 |a Literatura 
905 |a 125 
901 |a 416881001  |b IT2  |c LRA  |i D100098  |u 20250526 
902 |a https://opac.biblio.iteso.mx/vufind/Record/000416881